Least Corrupt Countries - Statistics

General Stats
  • This quiz has been taken 48 times
  • The average score is 18 of 22
Answer Stats
Score Country Growth % Correct
74 Canada ▼ 3
98%
88 Denmark
98%
85 Norway ▲ 1
98%
85 Sweden
98%
88 Finland ▲ 3
95%
73 Japan ▼ 1
95%
84 Switzerland ▼ 1
95%
73 Australia ▼ 4
93%
88 New Zealand
93%
78 United Kingdom ▲ 1
93%
80 Germany
91%
74 Iceland ▼ 1
91%
81 Luxembourg ▲ 1
91%
74 Austria ▼ 2
88%
82 Netherlands
88%
73 Belgium ▼ 3
86%
74 Ireland ▲ 2
84%
71 France ▲ 1
81%
85 Singapore
77%
74 Estonia ▼ 1
53%
73 Uruguay ▲ 2
35%
70 Seychelles ▲ 4
12%
No matching quizzes found
Score Distribution
Percent of People with Each Score
Percentile by Number Answered
Your Score History
You have not taken this quiz